Sales management (Record no. 5837)

MARC details
000 -LEADER
fixed length control field 00437 a2200181 4500
001 - CONTROL NUMBER
control field 131317
003 - CONTROL NUMBER IDENTIFIER
control field OSt
005 - DATE AND TIME OF LATEST TRANSACTION
control field 20210910165433.0
008 - FIXED-LENGTH DATA ELEMENTS--GENERAL INFORMATION
fixed length control field
082 ## - DEWEY DECIMAL CLASSIFICATION NUMBER
Classification number 658.81
Item number D71S
100 1# - MAIN ENTRY--PERSONAL NAME
Personal name Donaldson, Bill
245 1# - TITLE STATEMENT
Title Sales management
Statement of responsibility, etc by Bill Donaldson
250 ## - EDITION STATEMENT
Edition statement 3rd ed.
260 ## - PUBLICATION, DISTRIBUTION, ETC. (IMPRINT)
Place of publication, distribution, etc New york
Name of publisher, distributor, etc Palgrave macmillan
Date of publication, distribution, etc 2007
300 ## - PHYSICAL DESCRIPTION
Extent 298p.
690 ## - LOCAL SUBJECT ADDED ENTRY--TOPICAL TERM (OCLC, RLIN)
Topical term or geographic name as entry element Sales management
942 ## - ADDED ENTRY ELEMENTS (KOHA)
Source of classification or shelving scheme Dewey Decimal Classification
Koha item type Books
Holdings
Withdrawn status Lost status Source of classification or shelving scheme Damaged status Not for loan Collection code Home library Current library Date acquired Source of acquisition Cost, normal purchase price Full call number Barcode Date last seen Price effective from Koha item type
    Dewey Decimal Classification     General Text Book Central University Of Rajasthan Central University Of Rajasthan 08/06/2012 MGM 8.99 658.81 D71S 7395 21/11/2024 02/09/2020 Books